| 000 | 01126cam a2200277 a 4500 | ||
|---|---|---|---|
| 001 | 3113 | ||
| 005 | 20240521155221.0 | ||
| 020 | _a9781432957940 | ||
| 040 |
_aDLC _cDLC _dDLC _beng |
||
| 050 | 0 | 0 |
_aQB602.G85 _b 2009 |
| 082 | 0 | 0 | _a523.4 |
| 100 | 1 | _aGuillain, Charlotte | |
| 245 | 1 | 0 |
_aPlanets / _cCharlotte Guillain. |
| 260 |
_aChicago : _bHeinemann Library, _c2009 |
||
| 300 |
_a24 pages : _bcolor illustrations ; _c18 ×21 cm . |
||
| 490 | 0 | _aSpace | |
| 490 | 0 | _aAcorn | |
| 500 | _aIncludes index. | ||
| 505 | 0 | _aF | |
| 520 | _aRead this book to find out about the planets in our Solar System. Books in this series introduce children to outer space. Each book uses simple, repetitive text to teach children basic vocabulary, and includes stunning photographs and artwork to show the main features of our Solar System. In Planets, children learn what planets are made of, how planets orbit the Sun, and our planet, Earth. | ||
| 521 |
_a360
_bLexile |
||
| 521 |
_aF
_bRaz-Plus |
||
| 650 | 0 |
_aPlanets _vJuvenile literature. |
|
| 906 |
_a7 _bcbc _corignew _d1 _eecip _f20 _gy-gencatlg |
||
| 942 |
_2ddc _cBK _n0 |
||
| 999 |
_c3113 _d3113 |
||